Κατάλογος Βιβλιοθηκών Mediterranean College

Tourism and Politics / Policy, Power and Place (Record no. 2723)

MARC details
000 -LEADER
fixed length control field 01324cam a22001934a 4500
005 - ΗΜΕΡΟΜΗΝΙΑ ΚΑΙ ΩΡΑ ΤΕΛΕΥΤΑΙΑΣ ΕΝΗΜΕΡΩΣΗΣ
Πεδίο ελέγχου 20250605164051.0
008 - FIXED-LENGTH DATA ELEMENTS--GENERAL INFORMATION
Πεδίο ελέγχου σταθερού μήκους 250528s ||||||||||||||||||||||||d
035 ## - SYSTEM CONTROL NUMBER
System control number 17295
020 ## - ISBN
ISBN 471965472
040 ## - ΠΗΓΗ ΚΑΤΑΛΟΓΟΓΡΑΦΗΣΗΣ
Φορέας πρωτότυπης καταλογογράφησης MC Athens Campus Library
Γλώσσα καταλογογράφησης Ελληνικά, Μοντέρνα (1453-)
Modifying agency MC Athens Campus Library
Κανόνες περιγραφικής καταλογογράφησης AACR2
245 1# - ΤΙΤΛΟΣ ΚΑΙ ΔΗΛΩΣΗ ΥΠΕΥΘΥΝΟΤΗΤΑΣ
Τίτλος Tourism and Politics / Policy, Power and Place
260 ## - PUBLICATION, DISTRIBUTION, ETC.
Name of publisher, distributor, etc. John Wiley & Sons, Ltd,
Date of publication, distribution, etc. 1994
300 ## - PHYSICAL DESCRIPTION
Extent 238
520 ## - SUMMARY, ETC.
Summary, etc. A thorough and penetrating analysis of the political dimensions of tourism by examining the variety of scales and areas in which tourism and politics interact. Preface, Introduction: The Politics of Tourism, Tourism and Government and the State: Tourism and the Policy-Making Process, International Tourism Policy and International Relations, Tourism and Political Stability: The Implications of Revolution and Terrorism and Political Violence for Tourism, Policy and Dependency and Tourism: The Politics of Tourism Development, Tourism and the Local State: Development and Image and Interests at the Community Level, Tourism and Culture and the Presentation of Social Reality, Situating Tourism in Capitalist Society: Towards an Understanding of Tourism Politics and Policy and Place, References, Author and Place Name and Subject Index.
700 1# - ΠΡΟΣΘΕΤΗ ΑΝΑΓΡΑΦΗ--ΦΥΣΙΚΟ ΠΡΟΣΩΠΟ
Personal name Hall Colin Micahel
9 (RLIN) 3451
942 ## - ADDED ENTRY ELEMENTS (KOHA)
Koha item type Books
Holdings
Τύπος τεκμηρίου Βιβλιοθήκη Τρέχουσα τοποθεσία Barcode Αριθμός εισαγωγής Ημερομηνία απόκτησης Ταξιθετικό σύμβολο Αριθμός αντιτύπου Κατάσταση απόσυρσης Κατάσταση χαμένου Κατάσταση κατεστραμμένου Μη δανεισμός Σύνολο δανεισμών Ημερομηνία τελευταίας εμφάνισης Η τιμή ισχύει από
Books MC Athens Campus Library MC Athens Campus Library 9780000027221 9677 05/06/2025 338.4791 HAL 1           05/06/2025 05/06/2025

MC Athens Campus Library
Πατησίων 94 & Κοδριγκτώνος 13, 104 34
Πελλήνης 8 & Πατησίων 107, 112 51
Τ: +30 210 8899600

MC Thessaloniki Campus Library
Ίωνος Δραγούμη 21, 54625 | Ίωνος Δραγούμη 15, 54625
Τ: +30 2310 287779 – Τ: +30 2314 440300